| 000 | 01128cam a22002651i 4500 | ||
|---|---|---|---|
| 003 | SA-RiAUC | ||
| 005 | 20250418134058.0 | ||
| 008 | 250121s1970 ua g 00010 ara c | ||
| 040 |
_aSA-RiAUC _bara _cSA-RiAUC _erda |
||
| 050 | 4 | _b.Q83 1970 | |
| 082 | 0 | 4 |
_a261 _qSA-RiAUC |
| 090 |
_a261 _b ق ط ب |
||
| 100 | 1 |
_aالقطب الجيلي، عبد الكريم بن إبراهيم بن عبد الكريم، _d767-832 هجري _eمؤلف. |
|
| 245 | 1 | 2 |
_aالإنسان الكامل في معرفة الأواخر والأوائل / _cعبد الكريم بن إبراهيم القطب الجيلي. |
| 250 | _aالطبعة الثالثة. | ||
| 264 | 1 |
_aالقاهرة : _bمكتبة ومطبعة مصطفى البابي الحلبي، _c1970 |
|
| 300 |
_a مجلد ؛ _c20 سم |
||
| 336 |
_aنص _btxt _2rdacontent _3كتاب |
||
| 337 |
_aبدون وسيط _bn _2rdamedia |
||
| 338 |
_aمجلد _bnc _2rdacarrier |
||
| 500 | _a2 مجلد ببليوجرافي في 1 مجلد مادي. | ||
| 650 | 7 |
_aالتصوف الإسلامي _2aucsh |
|
| 942 |
_2ddc _cBOOK _n0 |
||
| 949 |
_aSA-JeALM _d250121 _umohamedma123 _n1 |
||
| 999 |
_c7164 _d7164 |
||